Представление документа в формате RUSMARC

ПолеНазваниеЗначение
  Тип записи c
  Библиографический уровень m
001 Контрольный номер RU/УОНБ/EK_N/581005712
005 Дата корректировки 20240130235126.6
100 Данные общей обработки __
a Данные общей обработки 20180530d2013 u y0rusy0189||||ca
101 Язык документа 0_
a Язык текста rus
f Язык титульного листа rus
f Язык титульного листа eng
102 Страна публикации __
a Страна публикации RU
105 Кодированные данные (монография) __
a Кодированные данные (монография) y###||||000|y
200 Заглавие и сведения об ответственности 1_
a Заглавие Юный виртуоз
b Общее обозначение материала Ноты
d Параллельное заглавие Young Virtuoso
e Сведения, относящиеся к заглавию сб. виртуозных пьес для скрипки в сопровожд. фп.
e Сведения, относящиеся к заглавию для учащихся муз. школ и колледжей
f Первые сведения об ответственности сост. Е. Федоренко, Я. Заславская
210 Выходные данные 1_
a Место издания СПб.
c Издательство Союз художников
d Дата издания 2006 -
215 Физическое описание __
d Формат 29 см
686 Индексы других классификаций __
a Классификационный индекс 85
2 Код системы rubbk
702 Вторичная интеллектуальная ответственность _1
a Фамилия Федоренко
b Имя (инициалы) Е. С.
4 Код отношения 220
702 Вторичная интеллектуальная ответственность _1
a Фамилия Заславская
b Имя (инициалы) Я. Л.
4 Код отношения 220
801 Источник записи _0
a Страна RU
b Организация Ульяновская ОНБ
c Дата составления 20180530
g Правила каталогизации RCR
801 Источник записи _1
a Страна RU
b Организация Ульяновская ОНБ
c Дата составления 20180530
g Правила каталогизации RCR
901 Тип документа __
t Тип документа v
909 Создатель записи __
a Создатель записи Никитина Т. А.
938 Служебная информация __
a Имя БД noti
b Имя библиотеки УОНБ
c Имя АИБС МАРК-SQL
d Номер DOC_ID в БД 18472